Financial Crises And Recession In The Global Economy (Record no. 43469)

MARC details
000 -LEADER
fixed length control field 01697cam a2200421 i 4500
001 - CONTROL NUMBER
control field 19205478
005 - DATE AND TIME OF LATEST TRANSACTION
control field 20250328145516.0
008 - FIXED-LENGTH DATA ELEMENTS--GENERAL INFORMATION
fixed length control field 160803s2016 enka b 000 0 eng d
010 ## - LIBRARY OF CONGRESS CONTROL NUMBER
LC control number 2016949923
020 ## - INTERNATIONAL STANDARD BOOK NUMBER
International Standard Book Number 1785361120
020 ## - INTERNATIONAL STANDARD BOOK NUMBER
International Standard Book Number 9781785361128
020 ## - INTERNATIONAL STANDARD BOOK NUMBER
International Standard Book Number 1785361104
035 ## - SYSTEM CONTROL NUMBER
System control number (OCoLC)ocn958351224
042 ## - AUTHENTICATION CODE
Authentication code lccopycat
082 04 - DEWEY DECIMAL CLASSIFICATION NUMBER
Classification number 338.542 ALL
100 1# - MAIN ENTRY--PERSONAL NAME
Author Allen, Roy E.,
245 10 - TITLE STATEMENT
Title Financial Crises And Recession In The Global Economy
250 ## - EDITION STATEMENT
Edition statement 4th
260 ## - PUBLICATION, DISTRIBUTION, ETC.
Place UK
Publisher Edward Elgar Publishing Limited
Publication Year 2016
300 ## - PHYSICAL DESCRIPTION
Extent 197 pages :
Other physical details illustrations ;
Dimensions 24 cm
504 ## - BIBLIOGRAPHY, ETC. NOTE
Bibliography, etc. note Includes bibliographical references and index.
520 ## - SUMMARY, ETC.
Summary, etc. This new edition of Financial Crises and Recession in the Global Economy explores the major financial instabilities and evolutionary trends in the global economy since the 1970s. A learned but accessible book, it is perfect for a broad audience of academics and practitioners but has also been used as a supplementary textbook for courses in international economics, international finance, money and banking, and macroeconomics.
650 #0 - SUBJECT ADDED ENTRY--TOPICAL TERM
Subject Financial crises
650 #0 - SUBJECT ADDED ENTRY--TOPICAL TERM
Subject Recessions.
650 #0 - SUBJECT ADDED ENTRY--TOPICAL TERM
Subject Economic history
650 #0 - SUBJECT ADDED ENTRY--TOPICAL TERM
Subject International finance.
650 #7 - SUBJECT ADDED ENTRY--TOPICAL TERM
Subject Economic history.
650 #7 - SUBJECT ADDED ENTRY--TOPICAL TERM
Subject Financial crises.
650 #7 - SUBJECT ADDED ENTRY--TOPICAL TERM
Subject International finance.
650 #7 - SUBJECT ADDED ENTRY--TOPICAL TERM
Subject Recessions.
942 ## - ADDED ENTRY ELEMENTS (KOHA)
Koha item type Books
264 #1 - PRODUCTION, PUBLICATION, DISTRIBUTION, MANUFACTURE, AND COPYRIGHT NOTICE
Place of production, publication, distribution, manufacture Cheltenham, UK :
Name of producer, publisher, distributor, manufacturer Edward Elgar Publishing,
Date of production, publication, distribution, manufacture, or copyright notice 2016.
336 ## - CONTENT TYPE
Content type term text
Content type code txt
Source rdacontent
337 ## - MEDIA TYPE
Media type term unmediated
Media type code n
Source rdamedia
338 ## - CARRIER TYPE
Carrier type term volume
Carrier type code nc
Source rdacarrier
906 ## - LOCAL DATA ELEMENT F, LDF (RLIN)
a 7
b cbc
c copycat
d 2
e ncip
f 20
g y-gencatlg
Holdings
Withdrawn status Lost status Source of classification or shelving scheme Damaged status Not for loan Home library Current library Shelving location Accession Date Vendor Price Bill number Total Checkouts Full call number Barcode No Date last seen Discount Bill Date Koha item type Suggested By
    Dewey Decimal Classification     IMTN IMTN Rack 10-B 03/24/2025 Raghav Books Private Limited 3333.44 2374   338.542 ALL 33759 03/28/2025 33 02/14/2025 Books Dr. Veena Pailwar
Designed & Maintained by: LRC IMT Nagpur Contact: lrc@imtnag.ac.in© 2024. All Rights Reserved.